000 00652nam a22002057a 4500
003 UA-OsUOA
001 37363
007 ta
008 20060306b un ||||| |||| 00| 0 ukr d
090 _a330(477)
942 _cSA
040 _aUA-OsUOA
_bukr
_cUA-OsUOA
_dUA-OsUOA
245 _aФінансові підсумки минулого року.Інформація Міністерства Фінансів України щодо виконання Державного бюджету у 2005 р.
300 _aС.4
955 _a0
041 _aukr
080 _a330(477)
773 0 _w37362
650 7 _a330 Економіка взагалі
_2UDC
999 _c323543
_d323543